Old School Hip-Hop Artist by Two Songs - Statistics

General Stats
  • This quiz has been taken 9 times
  • The average score is 11 of 15
Answer Stats
Songs Artist % Correct
Changes / California Love 2Pac
100%
Push It / Shoop Salt-N-Pepa
100%
Gin and Juice / Murder Was the Case Snoop Dogg
100%
Ready Or Not / Killing Me Softly Fugees
88%
Hypnotize / Mo Money Mo Problems The Notorious B.I.G.
88%
N.Y. State of Mind / If I Ruled the World Nas
75%
ATLiens / Bombs Over Baghdad OutKast
75%
Informer / Champion Sound Snow
75%
C.R.E.A.M. / Protect Ya Neck Wu-Tang Clan
75%
Paul Revere / Intergalactic Beastie Boys
63%
The Humpty Dance / Doowutchyalike Digital Underground
63%
Funky Cold Medina / Wild Thing Tone Loc
63%
Can I Kick It? / Bonita Applebum A Tribe Called Quest
50%
Colors / New Jack Hustler Ice-T
50%
Free Your Mind / Don't Let Go En Vogue
38%
No matching quizzes found
Score Distribution
Percent of People with Each Score
Percentile by Number Answered
Your Score History
You have not taken this quiz